000 00595nam a2200193 a 4500
001 BRCA_3289
005 20190320204215.0
008 170309s2007----mx-a---###---#000-0#spa-#
020 _a9789708021043
041 _aspa
044 _amx
050 4 _aNK2014
_b.B54 4
_c2007
245 1 0 _a4 [i.e. Cuarta] Bienal Nacional de Diseño México
_bcatálogo de seleccionados, 2007.
260 _aMéxico
_bCONACULTA : INBA
_c2007
300 _a43 p.
_bil. (algunas a color)
_c27 cm.
650 1 4 _aDiseño industrial
_vCatálogos
_97067
650 1 4 _aDiseño mexicano
_vExposiciones
_98717
942 _2lcc
_cB
999 _c3025
_d3025